|
|
|
|
| LEADER |
00000nam a22000007a 4500 |
| 005 |
20210309224558.0 |
| 007 |
cr|||| ||| |
| 008 |
210309s2019 us |||||s|||| 00||0 eng d |
| 020 |
|
|
|a 978-1-119-56493-5
|
| 035 |
|
|
|a 32454
|
| 040 |
|
|
|a vLex
|
| 090 |
|
|
|c 11339
|d 11339
|
| 100 |
1 |
|
|a Hatch, Scott A.
|
| 245 |
1 |
0 |
|a Paralegal Career For Dummies
|h [Recurso electrn̤ico] /
|c Scott A. Hatch, Lisa Zimmer Hatch
|
| 256 |
|
|
|a Servicio en ln̕ea
|
| 260 |
|
|
|a Hoboken:
|b Wiley,
|c 2019
|
| 300 |
|
|
|a 1 recurso electrn̤ico
|
| 500 |
|
|
|a The demand for paralegal professionals is exploding, and Paralegal Career For Dummies, 2nd Edition explains the skills and requirements needed to pursue this rewarding career. Inside, you’ll discover the ins and outs of paralegal skills, from preparing documents and performing legal research to obtaining certification, job hunting, and understanding legal concepts. Use this hands-on guide to help in your career considerations, bolster your paralegal training, or as an everyday on-the-job reference. Paralegal Career For Dummies will be your trusty assistant through all phases of your life as a paralegal, taking you forward with tips on networking and joining professional organizations that will enhance your career. Discover the job skills required for success as a paralegal Learn important legal concepts you’ll need on the job Access forms, templates, and examples on the companion website Develop strategies to manage time and advance your career Complete with a companion website containing a wealth of valuable information, this book covers everything you need to become a top-notch paralegal.
|
| 506 |
1 |
|
|a Disponible solo en los productos indicados
|d vLex Global
|d vLex Global (Academic Edition, excluding Law Schools)
|d vLex Global (Academic Edition, Law Schools)
|
| 650 |
0 |
4 |
|a Abogados
|z Estados Unidos
|
| 650 |
0 |
4 |
|a Derecho Pb︢lico y Administrativo
|z Estados Unidos
|
| 700 |
1 |
|
|a Zimmer Hatch, Lisa
|
| 740 |
0 |
|
|a vLex Libros (Servicio en ln̕ea)
|
| 856 |
4 |
0 |
|u http://vlex.com/source/paralegal-career-for-dummies-32454
|z Acceso restringido
|
| 942 |
|
|
|c BOOK
|
| 999 |
0 |
|
|a Lawyers
|
| 999 |
0 |
|
|a Public and Administrative Law
|